| 000 | 00366nam a22001577a 4500 | ||
|---|---|---|---|
| 003 | OSt | ||
| 005 | 20211015095329.0 | ||
| 008 | 211015b |||||||| |||| 00| 0 eng d | ||
| 040 | _cHU | ||
| 082 |
_22nd _a571.6./CEL |
||
| 100 |
_aJULIO E. CELIS _913841 |
||
| 245 | _aCell BIology | ||
| 260 |
_aLondon _bACADEMIC PRESS _c1998 |
||
| 300 | _a525 | ||
| 942 |
_2ddc _cBOOKS _n0 |
||
| 999 |
_c12923 _d12923 |
||